Geografía e historia de España en un mapa - Estadísticas

Estadísticas generales
  • Esta prueba ha sido intentada 165 veces
  • La puntuación promedio es 61 de 100
Respuestas en el mapa
Las respuestas están codificadas por una escala verde-roja en el mapa de la prueba según el % correcto abajo.
 
Estadísticas de respuestas
Respuesta % Correcto
Madrid
97%
Barcelona
93%
Sevilla
92%
Valencia
92%
Andalucía
91%
Málaga
90%
Cataluña
89%
Zaragoza
87%
Antoni Gaudí
86%
Asedio del Alcázar de Toledo
86%
Asturias
86%
Castilla–La Mancha
86%
Murcia
86%
País Vasco
86%
Alicante
85%
Castilla y León
85%
Navarra
84%
Pirineos
84%
Santander
84%
Santiago de Compostela
84%
Toledo
84%
A Coruña
82%
Huesca
82%
Río Tajo
82%
Felipe VI
81%
Melilla
81%
Palma de Mallorca
81%
Río Ebro
81%
Teide
81%
Diego Velázquez
78%
Rafael Nadal
78%
Fernando Alonso
77%
Miguel de Cervantes
77%
Logroño
76%
Mérida
76%
Valladolid
76%
Cuenca
75%
Río Guadiana
75%
Batalla de Teruel
74%
Cartagena
74%
Jamón
73%
Paella
72%
Sierra Nevada
72%
Girona
71%
Segovia
71%
Mulhacén
70%
Las Palmas de Gran Canaria
69%
Hernán Cortés
67%
Antonio Banderas
66%
Marc Márquez
66%
Vicente del Bosque
66%
Alhambra
65%
Gazpacho
65%
Catedral de Nuestra Señora de la Asunción
64%
Estrecho de Gibraltar
64%
Carlos V
63%
El Cid
62%
Museo Guggenheim Bilbao
62%
Catedral de Burgos
60%
Francisco Goya
60%
Pablo Picasso
60%
Pedro Almodóvar
60%
Cueva de Altamira
59%
Rosalía
59%
Aneto
58%
Santa Cruz de Tenerife
57%
Sergio Ramos
57%
Camp Nou
55%
Sangría
55%
Carlos Sainz
53%
Juan Sebastián Elcano
53%
Mariano Rajoy
51%
Museo del Prado
50%
Batalla de las Navas de Tolosa
47%
Torre de Hércules
46%
Alberto Contador
45%
Santiago Ramón y Cajal
44%
Ciudad de las Artes y las Ciencias
43%
Batalla de Trafalgar
40%
Parque nacional de los Picos de Europa
39%
Manchego
36%
Ronda
34%
Batalla de Salamanca
33%
Churro
33%
Trajano
33%
Benito Pérez Galdós
31%
Mar de Alborán
29%
Alejandro VI
25%
Albarracín
22%
Batalla de Vitoria
21%
Casa Batlló
21%
Chicharrón
20%
Batalla de Roncesvalles
19%
Sitio de Sagunto
18%
Playa de La Concha
15%
Aljafería
14%
Perdido
3%
Batalla de Ilipa
2%
Batalla de Sagrajas
2%
Naveta des Tudons
2%
No se encontraron pruebas coincidentes
Distribución de puntuación
Porcentaje de gente con cada puntuación
Porcentaje por número respondido
Historial de tus puntuaciones
No has intentado esta prueba.